| 000 | 01041nam a2200349 c 4500 | ||
|---|---|---|---|
| 003 | BLK | ||
| 005 | 20180420221050.0 | ||
| 008 | 180408b bul|||||r ||||||| ||bul|| | ||
| 010 | _aKNG00041578000 | ||
| 020 |
_a2-7011-1278-8 _bиздат.: Belin |
||
| 040 | _aBLK | ||
| 041 |
_aFRE _cFRE |
||
| 080 |
_aФренски език _b811.133.1 _x-316(038.1) _z811.133.1-316(038.1) |
||
| 100 | 1 |
_aDepecker, Loic _eпърви автор _98363 |
|
| 139 |
_aDepecker, Loic _bD 44 |
||
| 245 | 1 | 0 |
_aLes mots des regions de France _cLoic Depecker. |
| 257 | _aFRA | ||
| 260 |
_аParis _bBelin _c1992 |
||
| 300 |
_a447 c _bс ил _c19 cm |
||
| 380 | _a80 | ||
| 490 | 1 | _aLe francais retrouve | |
| 650 | 4 |
_aФренски език - регионализми - речници _9276135 |
|
| 653 | _aфренски език | ||
| 653 | _aрегионализми | ||
| 653 | _aдиалекти | ||
| 653 | _aречници | ||
| 852 | _aЦб 174221 | ||
| 856 | 4 |
_qpdf _u |
|
| 856 | 4 |
_qpdf _u |
|
| 942 |
_cKNG _n0 |
||
| 944 |
_aCR _c15.01.2003 _kAB_DOS |
||
| 944 |
_aED _c15.01.2003 _k |
||
| 999 |
_c38363 _d38363 |
||